000 00539nam a22002057a 4500
003 DO-SdBNP
005 20221202101513.0
007 ta
008 110301s2000 dr 000 0 spa d
040 _aDO-SdBNP
_bspa
_cBNPHU
082 4 _axxxx
_bG887h
100 _aGrullón, Ruddy,
_938449
_d1932-
245 1 0 _aHaiti :
_bhistoria breve /
_cRuddy Grullón
250 _a2a. ed.
260 _aSanto Domingo :
_bAltamar,
_c2000.
300 _a34 p. :
_c21 cm.
590 _aInventariado, 2022/ YL
910 _aYLockward
942 _2ddc
_cLF2
999 _c53052
_d53052